000 00419nam a2200157 a 4500
005 20210219152819.0
008 991125n 000 0 spa u
035 _aUPN01000062232
100 _aCASTILLO MONTES, Luis
222 _aEDUCACIÓN 2001
245 _a50 mil becas para la permanencia de los alumnos en las escuelas
300 _a15-17
362 _a1997 No.30
904 _aAC
_b000043
905 _aArticulo
999 _c61590
_d61590